Manual de preparación Matemática: contenidos 2004-2006

Gespeichert in:
Bibliographische Detailangaben
Hauptverfasser: Tapia Rojas, Oscar Alfredo (VerfasserIn), López González, David (VerfasserIn), Olivares Sepúlveda, Jorge (VerfasserIn)
Weitere Verfasser: Ormazábal Díaz-Muñoz, Miguel Ramón (autor)
Format: Buch
Sprache:Spanisch
Veröffentlicht: Santiago Ediciones Universidad Católica de Chile 2004
Ausgabe:5a. ed
Schriftenreihe:Prueba de selección universitaria
Schlagworte:
Tags: Tag hinzufügen
Keine Tags, Fügen Sie den ersten Tag hinzu!

MARC

LEADER 00000nam a2200000 a 4500
001 UCH6576
003 CL-VaPUC
008 091109e20040000CL |||||||||||||||||spa|d
020 |a 9561407108 
082 0 4 |a 378.16  |b TAP  |2 21 
100 0 |a Tapia Rojas, Oscar Alfredo  |e author  |9 543166 
700 |a Ormazábal Díaz-Muñoz, Miguel Ramón  |e autor  |9 549283 
700 0 |a López González, David  |e author  |9 543168 
700 0 |a Olivares Sepúlveda, Jorge  |e author  |9 543169 
245 1 0 |a Manual de preparación Matemática: contenidos 2004-2006 
250 |a 5a. ed 
300 |a 568 p 
942 |c BK 
945 |d 20091109 00:00:00  |a lazolas 
260 |a Santiago  |b Ediciones Universidad Católica de Chile  |c 2004 
650 0 |a Matemáticas   |v Problemas, ejercicios, etc  |9 883048 
650 7 |a PRUEBA DE SELECCION UNIVERSITARIA  |2 CL-VaPUC  |9 537094 
583 |a last modification  |c 20091109 00:00:00  |k Rodrigo Vera 
490 0 |a Prueba de selección universitaria 
999 |c 337443  |d 337441